[Event "ACT-ch"]
[Site "Belconnen"]
[Date "2001.09.21"]
[Round "5"]
[White "Ikeda, Miona"]
[Black "Brown, Sophie"]
[Result "0-1"]
[WhiteElo "477"]
[BlackElo "922"]
[PlyCount "102"]
[EventDate "2001.08.24"]
[EventType "swiss"]
[EventRounds "9"]
[EventCountry "AUS"]
[SourceTitle "EXT 2006"]
[Source "ChessBase"]
[SourceDate "2005.11.24"]
[SourceVersion "1"]
[SourceVersionDate "2005.11.24"]
[SourceQuality "1"]

1. e4 e5 2. Nf3 Nc6 3. Bc4 Bc5 4. d3 h6 5. Nc3 Nf6 6. a3 d6 7. Bb5 Bd7 8. b4 Bd4 9. Nxd4 Nxd4 10. Bxd7+ Qxd7 11. Be3 Qc6 12. Bxd4 exd4 13. Ne2 0-0 14. Nxd4 Qc3+ 15. Kf1 Qxd4 16. Rb1 Rfe8 17. f3 d5 18. a4 Re7 19. c4 dxc4 20. dxc4 Qxc4+ 21. Kf2 Rd7 22. Qb3 Qd4+ 23. Ke1 Qd2+ 24. Kf1 Rad8 25. Re1 Rd3 26. Qb1 Qd1 27. Qxd1 Rxd1 28. g3 Rxe1+ 29. Kxe1 Rd4 30. h4 Rxb4 31. g4 c5 32. g5 Rb1+ 33. Kd2 Rxh1 34. gxf6 gxf6 35. Kc3 Rxh4 36. Kc4 b6 37. a5 f5 38. axb6 axb6 39. Kb5 fxe4 40. fxe4 Rxe4 41. Kxb6 c4 42. Kc5 c3 43. Kd5 c2 44. Kxe4 c1Q 45. Kf5 Qe3 46. Kg4 Kg7 47. Kh4 Qg1 48. Kh5 f6 49. Kh4 Kg6 50. Kh3 Kf5 51. Kh4 Qg4# 0-1

[Event "AUS-ch U16 Girls"]
[Site "Canberra"]
[Date "2001.01.16"]
[Round "5.62"]
[White "Brown, Sophie"]
[Black "Sakthivel, Gaya"]
[Result "1-0"]
[WhiteElo "524"]
[BlackElo "497"]
[PlyCount "69"]
[EventDate "2001.01.??"]
[EventType "swiss"]
[EventRounds "11"]
[EventCountry "AUS"]
[SourceTitle "CBM 080 Extra"]
[Source "ChessBase"]
[SourceDate "2001.03.08"]
[SourceVersion "1"]
[SourceVersionDate "2001.03.08"]
[SourceQuality "1"]

1. d4 d5 2. Nf3 Nf6 3. e3 Nc6 4. Bd3 Bg4 5. b3 e5 6. Bb2 e4 7. Be2 exf3 8. Bxf3 Bf5 9. 0-0 Be4 10. Nd2 Bf5 11. Re1 Ne4 12. Qe2 Bd6 13. c4 Qh4 14. g3 Qh6 15. cxd5 Nb4 16. Nxe4 Bxe4 17. Bxe4 0-0 18. Qb5 Rae8 19. Bf5 Qf6 20. Bd3 a6 21. Qc4 b5 22. Qc3 Nxd5 23. Qd2 Qh6 24. Rad1 Nf6 25. e4 Qh5 26. e5 Ng4 27. h4 Be7 28. Be2 Bg5 29. Qxg5 Qxg5 30. hxg5 f5 31. exf6 gxf6 32. Bxg4 fxg5 33. Rxe8 Rxe8 34. Bh5 Re2 35. Bxe2 1-0